|
|
|
|
| LEADER |
01872nam a2200457 a 4500 |
| 001 |
mzk03001203233 |
| 003 |
CZ BrMZK |
| 005 |
20160211104540.0 |
| 007 |
ta |
| 008 |
010907s1790 au fr|||||00| ||gerod |
| 040 |
|
|
|a BOA001
|b cze
|
| 041 |
1 |
|
|a ger
|h eng
|
| 072 |
|
7 |
|a 94(100)
|x Světové dějiny
|2 Konspekt
|9 8
|
| 072 |
|
7 |
|a 094
|x Staré tisky
|2 Konspekt
|9 12
|
| 080 |
|
|
|a 94(100)
|2 MRF
|
| 080 |
|
|
|a (0.068)094
|2 MRF
|
| 080 |
|
|
|a 025.171
|2 MRF
|
| 100 |
1 |
|
|a Guthrie, William,
|d 1708-1770
|7 ola364060
|4 aut
|
| 245 |
1 |
0 |
|a Allgemeine Weltgeschichte.
|n Fünf und siebzigster Band /
|c Nach dem Plan Wilh. Guthrie und Joh. Gray und anderer Gelehrten Engländer entworfen, ausgearbeitet, und aus den besten Schriftstellen gezogen von Daniel Ernst Wagner
|
| 260 |
|
|
|a Wien :
|b Im Verlag bei F. A. Schrämbl,
|c 1790
|
| 300 |
|
|
|a 842 s. ;
|c 8°
|
| 500 |
|
|
|a Výzdoba: Ozdobné linky
|
| 561 |
|
|
|a Provenience: Exlibris se studujícím mnichem
|
| 561 |
|
|
|a Provenience: [m.p.] Legav[it] M[onaste]rio Rayhrad[ensi] P. Skridlowskj Par. Telnice.
|
| 563 |
|
|
|a Lepenkové desky potažené papírem, hřbet potažený usní se zlacením, červená ořízka
|
| 650 |
|
7 |
|a světové dějiny
|7 ph117271
|2 czenas
|
| 650 |
|
7 |
|a historické knihovní fondy
|7 ph172933
|2 czenas
|
| 655 |
|
7 |
|a staré tisky
|7 fd422076
|2 czenas
|
| 700 |
1 |
|
|a Gray, John,
|d 1724-1811
|4 aut
|
| 700 |
1 |
|
|a Wagner, Daniel Ernst,
|d 1739-
|7 pna2007389218
|4 trl
|
| 856 |
4 |
1 |
|u https://imageserver.mzk.cz/mzk03/001/203/233/328100204918.titul.jp2
|y Titulní list
|
| 903 |
|
|
|a RP
|
| 910 |
|
|
|e BOE950
|c R - G. I. c. 7
|
| 978 |
|
|
|b Schrämbl, Franz Anton
|a Wien
|c 1790
|
| 982 |
0 |
|
|a Rajhrad - benediktinský klášter
|
| 984 |
|
|
|a Vídeň
|b Rakousko
|
| 985 |
|
|
|a 1751-1800
|
| 990 |
|
|
|a BK
|
| 996 |
|
|
|e BOE950
|c R - G. I. c. 7
|
| 991 |
|
|
|k rajhrad
|
| 980 |
|
|
|c 204918
|g R - G. I. c. 7
|1 328100204918
|p N. 6386, G. I. e. 7
|